000 00484nam a2200169Ia 4500
008 230718s9999 xx 000 0 und d
020 _a9788126522194
041 _aeng
082 _a610.28
_bRAN
100 _aRangayyan R.M.
_9127095
245 _aBiomedical Signal Analysis
_bA Case-Study Approach
260 _c2014
_bWiley
300 _a516
365 _cRs.
_b629.00
700 _aRangayyan R.M.
_9127095
906 _dO:0485620-Jan-2016B:SE/SI/275630-Dec-2015
_cETC
_b2289.56
999 _c341232
_d341232